Medzinárodné organizácie

Salvato in:
Dettagli Bibliografici
Autore principale: Lysák, Ladislav
Natura: Libro
Lingua:slovacco
Pubblicazione: Bratislava Ekonóm 2001
Soggetti:
Tags: Aggiungi Tag
Nessun Tag, puoi essere il primo ad aggiungerne!!

MARC

LEADER 00000nam a2200000 4500
001 c141608
005 20221124103458.1
020 |a 80-225-1506-X 
041 0 |a slo 
044 |a SK 
245 1 0 |a Medzinárodné organizácie  |c Ladislav Lysák 
264 1 |a Bratislava  |b Ekonóm  |c 2001 
300 |a 247 s. 
610 2 0 |a organizácie 
610 2 0 |a organizácie medzinárodné 
610 2 0 |a svet 
610 2 0 |a organizácie ekonomické medzinárodné 
610 2 0 |a organizácie nevládne 
610 2 0 |a Slovensko 
610 2 0 |a spolupráca hospodárska medzinárodná 
610 2 0 |a spolupráca medzinárodná 
610 2 0 |a spolupráca vedecká medzinárodná 
610 2 0 |a spolupráca vedeckotechnická 
610 2 0 |a spolupráca vedeckovýskumná 
100 1 |a Lysák, Ladislav